Sports Quiz

Random Sports or MLB Quiz

'Moneyball' Players Quiz Stats

 Plays Quiz Updated May 16, 2012

Challenge
Share
Tweet
Embed
Score 0/35 Timer 10:00
3 Plays Today
Position Player/Coach % Correct
OFJeremy Giambi
76%
General ManagerBilly Beane
70.8%
SPBarry Zito
70.2%
1BScott Hatteberg
67.1%
SPTim Hudson
66.6%
SSMiguel Tejada
63.5%
SPMark Mulder
62.4%
3BEric Chavez
56.8%
ManagerArt Howe
56%
OFDavid Justice
53.5%
1BCarlos Pena
48.5%
Third Base CoachRon Washington
37.8%
RPChad Bradford
34%
2BMark Ellis
31.3%
OFJermaine Dye
29.5%
CRamon Hernandez
24.5%
CLBilly Koch
23.4%
RPRicardo Rincon
22%
Position Player/Coach % Correct
OFTerrence Long
21.6%
DHRay Durham
13.6%
OFEric Byrnes
12.1%
Bench CoachKen Macha
11.3%
OFJohn Mabry
11%
RPMike Magnante
10.3%
SPCory Lidle
9.2%
2BRandy Velarde
7.4%
SPAaron Harang
7.2%
2BFrank Menechino
6.3%
RPJim Mecir
6.1%
RPMike Venafro
6.1%
1BOlmedo Saenz
6%
CGreg Myers
5.8%
RPJeff Tam
5.8%
OFAdam Piatt
4.7%
First Base CoachMike Quade
4.2%

You're not logged in!

Compare scores with friends on all Sporcle quizzes.
Join for Free
OR
Log In

You Might Also Like...

Show Comments

Extras

Top Quizzes Today


Score Distribution

Your Account Isn't Verified!

In order to create a playlist on Sporcle, you need to verify the email address you used during registration. Go to your Sporcle Settings to finish the process.

Report this User

Report this user for behavior that violates our Community Guidelines.

Details: